| 000 -LEADER |
| fixed length control field |
01558nam a2200253Ia 4500 |
| 001 - CONTROL NUMBER |
| control field |
15751 |
| 003 - CONTROL NUMBER IDENTIFIER |
| control field |
GE_BSU |
| 008 - FIXED-LENGTH DATA ELEMENTS--GENERAL INFORMATION |
| fixed length control field |
181216s||||||||xx |||||||||||||| ||und|| |
| 020 ## - INTERNATIONAL STANDARD BOOK NUMBER |
| International Standard Book Number |
ISBN 978-9941-0-3946-1 |
| 040 ## - CATALOGING SOURCE |
| Transcribing agency |
GE_BSU |
| 080 ## - UNIVERSAL DECIMAL CLASSIFICATION NUMBER |
| Universal Decimal Classification number |
94(479)(093)(031)+ 81'374.2(038)=353.1 |
| 100 ## - MAIN ENTRY--PERSONAL NAME |
| Personal name |
ავტ.:კვაჭანტირაძე ეკა, ქეთევან ნადირაძე, გიორგი ოთხმეზური, თამარ ქორიძე |
| 245 ## - TITLE STATEMENT |
| Title |
კავკასია ქართულ წყაროებში : უცხო სახელმწიფოები, ტომები, ისტორიული პირები |
| 245 ## - TITLE STATEMENT |
| Remainder of title |
ენციკლოპედიური ლექსიკონი [ქართ. და ინგლ. ენ.] |
| 245 ## - TITLE STATEMENT |
| Statement of responsibility, etc. |
მთ. რედ. ვახტანგ გოილაძე, რედ. ქეთევან ნადირაძე ; |
| 260 ## - PUBLICATION, DISTRIBUTION, ETC. |
| Place of publication, distribution, etc. |
თბილისი |
| 260 ## - PUBLICATION, DISTRIBUTION, ETC. |
| Name of publisher, distributor, etc. |
ფავორიტი |
| 260 ## - PUBLICATION, DISTRIBUTION, ETC. |
| Date of publication, distribution, etc. |
2012 |
| 300 ## - PHYSICAL DESCRIPTION |
| Extent |
392 გვ. ; 24 სმ.. - ყდა ქართ. და ინგლ.. - გეოგრ. სახელთა განმარტებები:გვ. 207-214, 381-386. |
| 300 ## - PHYSICAL DESCRIPTION |
| Other physical details |
ლექსიკონი: 215-219, 387-389. - ბიბლიოგრ.: გვ. 222-223, 391-392. |
| 653 ## - INDEX TERM--UNCONTROLLED |
| Uncontrolled term |
ენციკლოპედიური ლექსიკონი |
| 653 ## - INDEX TERM--UNCONTROLLED |
| Uncontrolled term |
კავკასია ქართულ წყაროებში |
| 942 ## - ADDED ENTRY ELEMENTS (KOHA) |
| Koha item type |
წიგნი |